| 000 | 01119cam a22002891i 4500 | ||
|---|---|---|---|
| 003 | SA-RiAUC | ||
| 005 | 20250418122129.0 | ||
| 008 | 250416s1991 le g b 000 0 ara c | ||
| 040 |
_aLB-ChIUL _bara _cSA-RiAUC _erda |
||
| 050 | 4 | _b. M35 1991 | |
| 082 | 0 | 4 |
_a257 _qSA-RiAUC |
| 090 |
_a257 _b م ك ي |
||
| 100 | 1 |
_aمكي، محمد كاظم _eمؤلف. |
|
| 245 | 1 | 2 |
_aالنظم الإسلامية في إدارة الدولة وسياسة المجتمع / _cمحمد كاظم مكي. |
| 250 | _aالطبعة الأولى. | ||
| 264 | 1 |
_aبيروت : _bدار الزهراء، _c1991 |
|
| 300 |
_a484 صفحة ؛ _c24 سم |
||
| 336 |
_aنص _btxt _2rdacontent _3كتاب |
||
| 337 |
_aبدون وسيط _bn _2rdamedia |
||
| 338 |
_aمجلد _bnc _2rdacarrier |
||
| 504 | _aيشتمل على إرجاعات ببليوجرافية. | ||
| 650 | 7 |
_aالنظم الإسلامية _2aucsh |
|
| 650 | 7 |
_aالنظام الإداري في الإسلام _2aucsh |
|
| 650 | 7 |
_aالنظام السياسي في الإسلام _2aucsh |
|
| 942 |
_2ddc _cBOOK _n0 |
||
| 949 |
_aSA-JeALM _d250416 _umohamedma123 _n1 |
||
| 999 |
_c7146 _d7146 |
||